000 00564nam a2200181 i 4500
001 51275
003 ES-MaACL
005 20230906162328.0
007 t|
008 030812s1965 sp ||||1| spa d
100 1 _aDacie, J. V.
_942414
245 1 0 _aHematología práctica /
_cpor J.V. Dacie y S.M. Lewis ; versión española de J. Trigniner Boixeda.
260 _aBarcelona :
_bToray,
_c1965.
300 _aVI, 508 p. :
_bil. ;
_c22 cm.
700 1 _aLewis, S. M.
_972070
700 1 _aTriginer Boixeda, José.
_9111408
852 _aES-MaACL
_jC-27408
_bR.56097
999 _c51275
_d51275